000 01310cam a22003495a 4500
001 12237002
003 EG-ScBUE
005 20220116102925.0
008 001121s2014 enka f b 001 0 eng d
020 _a1900650266
020 _a9781900650267
040 _aZBS
_beng
_erda
_cZBS
_dDLC
_dEG-ScBUE
041 1 _aeng
_hger
082 0 4 _a418.02
_bREI
_222
100 1 _aReiss, Katharina,
_eauthor.
_941029
245 1 0 _aTranslation criticism, the potentials and limitations :
_bcategories and criteria for translation quality assessment /
_cby Katharina Reiss ; translated by Erroll F. Rhodes.
264 1 _aOxon, England ;
_aNew York :
_bRoutledge / Taylor & Francis Group :
_c2014.
300 _axii, 127 pages :
_billustrations ;
_c22 cm
336 _2rdacontent
_atext
_btxt
337 _2rdamedia
_aunmediated
_bn
338 _2rdacarrier
_avolume
_bnc
504 _aIncludes bibliographical references and index.
546 _aText in English ; translated from original German.
650 7 _aTranslating and interpreting.
_2BUEsh
_939247
650 7 _aCriticism.
_2BUEsh
_95477
651 _2BUEsh
653 _bHHUUEENN
_cSeptember2016
655 _vReading book
_934232
700 1 _aRhodes, Erroll F.
_q(Erroll Franklin),
_d1924-
_etranslator.
710 2 _aAmerican Bible Society.
942 _2ddc
_cBB
999 _c22304
_d22276